Pfizer Valuation 2001 (Record no. 1761)

000 -LEADER
fixed length control field 00505nam a22001937a 4500
003 - CONTROL NUMBER IDENTIFIER
control field OSt
005 - DATE AND TIME OF LATEST TRANSACTION
control field 20210421071228.0
008 - FIXED-LENGTH DATA ELEMENTS--GENERAL INFORMATION
fixed length control field 210226s2002 ||||| |||| 00| 0 eng d
040 ## - CATALOGING SOURCE
Original cataloging agency eng
Language of cataloging eng
Transcribing agency DLC
041 ## - LANGUAGE CODE
Language code of text/sound track or separate title eng
080 ## - UNIVERSAL DECIMAL CLASSIFICATION NUMBER
Universal Decimal Classification number 005
Item number K-46
100 ## - MAIN ENTRY--PERSONAL NAME
9 (RLIN) 1148
Personal name Kini, Omesh
245 ## - TITLE STATEMENT
Title Pfizer Valuation 2001
Statement of responsibility, etc. / by: Georgia State University
260 ## - PUBLICATION, DISTRIBUTION, ETC.
Place of publication, distribution, etc. Georgia USA
Name of publisher, distributor, etc. Georgia State University
Date of publication, distribution, etc. 2002
300 ## - PHYSICAL DESCRIPTION
Extent 37 p.
650 #0 - SUBJECT ADDED ENTRY--TOPICAL TERM
9 (RLIN) 324
Topical term or geographic name entry element Management
653 ## - INDEX TERM--UNCONTROLLED
Uncontrolled term მართვა
942 ## - ADDED ENTRY ELEMENTS (KOHA)
Source of classification or shelving scheme
Koha item type Books
Holdings
Withdrawn status Lost status Source of classification or shelving scheme Damaged status Not for loan Permanent location Current location Date acquired Inventory number Total Checkouts Full call number Barcode Date last seen Price effective from Koha item type
          Ken Walker International University Ken Walker International University 02/26/2021 1535   005 K-46 1535 02/26/2021 02/26/2021 Books

Powered by Koha